000 00504cam a2200193 4500
001 D2597
008 090401t1982 xxu||||| |||| 00| 0 eng d
035 _a(Sirsi) u69799
041 _aeng
050 _a333.007
110 _aCommonwealth Association of Surveying and Land Economy
_92570
245 _aEducation for surveying and land economy
250 _a3rd
260 _aLondon
_bCASLE
_c1982
300 _a32p. appendix in book cover. 30cm
350 _a0
942 _n0
948 _c04/03/1997
999 _c95234
_d95234